[Event "Oberliga Sued W 0607"]
[Site "Germany"]
[Date "2007.02.25"]
[Round "7.8"]
[White "Cara, Bogdan"]
[Black "Lavan, Uwe"]
[Result "1/2-1/2"]
[WhiteElo "2029"]
[BlackElo "1760"]
[PlyCount "107"]
[EventDate "2006.10.15"]
[EventType "team-tourn"]
[EventRounds "9"]
[EventCountry "GER"]
[SourceTitle "EXT 2009"]
[Source "ChessBase"]
[SourceDate "2008.11.26"]
[SourceVersion "1"]
[SourceVersionDate "2008.11.26"]
[SourceQuality "1"]
[WhiteTeam "Saarbruecken"]
[BlackTeam "Mutterstadt"]
[WhiteTeamCountry "GER"]
[BlackTeamCountry "GER"]

1. e4 c6 2. d4 d5 3. exd5 cxd5 4. c4 Nf6 5. Nc3 e6 6. Nf3 Be7 7. Bf4 a6 8. Bd3 dxc4 9. Bxc4 b5 10. Be2 Bb7 11. Rc1 Nbd7 12. 0-0 0-0 13. Ne5 Rc8 14. a3 Nb6 15. Qd2 Nbd5 16. Nxd5 Nxd5 17. Rxc8 Qxc8 18. Rc1 Qa8 19. Bg3 Rc8 20. Re1 Nf6 21. f3 Rd8 22. Bf2 Nd5 23. Bd1 h6 24. Bc2 f5 25. h4 Bd6 26. g4 Rf8 27. h5 Qd8 28. Ng6 fxg4 29. Nxf8 Kxf8 30. fxg4 Qf6 31. Be4 Bf4 32. Qe2 Qg5 33. Rf1 Ke7 34. Bf3 Kd7 35. Re1 Qf6 36. Kg2 Bd6 37. Bg3 Bxg3 38. Kxg3 Qf4+ 39. Kg2 Qf6 40. Kg3 Qf4+ 41. Kg2 Qf6 42. Qe5 Nf4+ 43. Kg3 Nxh5+ 44. Kh2 Bxf3 45. gxh5 Bxh5 46. Qxf6 gxf6 47. Kg3 Bg6 48. Rf1 Bf5 49. Rh1 Be4 50. Rxh6 f5 51. Kf4 Kd6 52. Ke3 a5 53. Rh8 a4 54. Rc8 1/2-1/2